Mliekari sa modernizujú

Napriek nízkej spotrebe mlieka sa zvyšuje jeho kvalita i ponuka na trhu. Trendy spotreby mliečnych výrobkov v slovenských domácnostiach.

Salvato in:
Dettagli Bibliografici
Autore principale: Šinková, Terézia
Natura: Capitolo di libro
Lingua:slovacco
Soggetti:
Tags: Aggiungi Tag
Nessun Tag, puoi essere il primo ad aggiungerne!!

MARC

LEADER 00000naa a2200000 4500
001 r045835
005 20231002114505.6
041 0 |a slo 
044 |a SK 
245 1 0 |a Mliekari sa modernizujú  |c Terézia Šinková 
520 |a Napriek nízkej spotrebe mlieka sa zvyšuje jeho kvalita i ponuka na trhu. Trendy spotreby mliečnych výrobkov v slovenských domácnostiach. 
610 2 0 |a mlieko 
610 2 0 |a výrobky poľnohospodárske 
610 2 0 |a prieskum spotrebiteľský 
610 2 0 |a sortiment tovaru 
610 2 0 |a spotreba potravín 
100 1 |a Šinková, Terézia